000 01346nam a2200205 a 4500
001 000046488
005 20201002052916.0
008 150819s2015 dr a 000 0 spa d
020 _a9789945588354
040 _aDO-SdBNP
_bspa
_cBNPHU
082 _axxxx
_bxxxx
100 1 _aBruni, Nina
_954028
245 1 0 _aRuptura y viraje :
_bla narrativa de Marcio Veloz Maggiolo 1960-1975 /
_cNina Bruni.
260 _aSanto Domingo :
_bNacional,
_c2015.
300 _a466 p. :
_bil. ;
_c23 cm.
500 _aIncluye datos biográficos de la autora en las solapas
500 _aIncluye referencias bibliográficas y notas al pie de las páginas.
504 _aBibliografía : p. 409-449
505 0 _aCapítulo 1
_tLa narrativa de Marcio Veloz Maggiolo y su rol en la construcción de la crítica literaria en la República Dominicana --
_gCapítulo 2
_tJudas, El buen ladrón y otros textos bíblicos (1962): la novela bíblica en la alborada de la renovación narrativa --
_gCapítulo 3
_tNosotros, los suicidas (1965) y la vida no tiene nombre (1965): novela experimental y vanguardia narrativa --
_tAfirmación de la narrativa de vanguardia --
_gCapítulo 4
_tLos ángeles de hueso (1967): prosa lírica experimental rumbo a la nueva novela --
_tExperimentacíon narrativa, existencialismo y fenomenología --
_tExistencialismo, ritmo de la prosa y violencia --
999 _c45977
_d45977